| Tag |
First Indicator |
Second Indicator |
Subfields |
| LEADER |
00000cam a2200000 a 4500 |
| 001 |
in00000006913 |
| 005 |
20151004060024.0 |
| 008 |
860911s1985 enka b 10010 eng d |
| 020 |
|
|
|a 0947711015
|
| 035 |
|
|
|a (OCoLC)14205161
|
| 035 |
|
|
|9 AAA1371AM
|
| 040 |
|
|
|a PIT
|c PIT
|d m/c
|d TXA
|d UtOrBLW
|
| 049 |
|
|
|a TXAM
|c [A12542887]
|
| 050 |
|
4 |
|a TA357
|b .I55 1985
|
| 111 |
2 |
|
|a International Conference on Multi-phase Flow
|n (2nd :
|d 1985 :
|c London, England)
|
| 245 |
1 |
0 |
|a Papers presented at the 2nd International Conference on Multi-phase Flow :
|b London, England, 19-21 June, 1985 /
|c organised and sponsored by BHRA, the Fluid Engineering Centre.
|
| 264 |
|
1 |
|a Cranfield, Bedford, England :
|b BHRA, Fluid Engineering Centre,
|c [1985]
|
| 264 |
|
4 |
|c ©1985
|
| 300 |
|
|
|a v, 494 pages :
|b illustrations ;
|c 30 cm.
|
| 336 |
|
|
|a text
|b txt
|2 rdacontent
|
| 337 |
|
|
|a unmediated
|b n
|2 rdamedia
|
| 338 |
|
|
|a volume
|b nc
|2 rdacarrier
|
| 504 |
|
|
|a Includes bibliographical references.
|
| 650 |
|
0 |
|a Multiphase flow
|v Congresses.
|
| 710 |
2 |
|
|a BHRA (Association)
|
| 740 |
0 |
|
|a Multi-phase flow.
|
| 999 |
|
|
|a MARS
|
| 999 |
f |
f |
|s 302b9263-be60-31b3-8fea-daf68bcf68f1
|i d0e8e667-c5ab-3b35-ac19-d16995d407ee
|t 0
|
| 952 |
f |
f |
|p ric
|a Texas A&M University
|b Rellis Campus
|c Joint Library Facility
|d Remote Storage
|t 0
|e TA357 .I55 1985
|h Library of Congress classification
|i unmediated -- volume
|m A14812542887
|
| 998 |
f |
f |
|a TA357 .I55 1985
|t 0
|l Remote Storage
|